Physiology

Main Author: Costanzo, Linda S. (Author)
Published: Philadelphia: Saunders, [2002].
Edition:Second edition.
Subjects:
LEADER 00780cam a2200265 7i4500
001 0000047159
005 20220406090000.0
008 220406t20022002paua ### #00001eng##
020 # # |a 1416023275  
020 # # |a 9781416023272  
040 # # |a UMT 
090 0 0 |a QP 31.2   |b .C6 2002 
100 1 # |a Costanzo, Linda S.   |e author  
245 1 0 |a Physiology   |c Linda S. Costanzo. 
250 # # |a Second edition. 
264 # 1 |a Philadelphia:   |b Saunders,   |c [2002]. 
264 # 4 |c ♭2002. 
300 # # |a xi, 451 pages:   |b illustrations;   |c 28 cm. 
336 # # |a text  |2 rdacontent 
337 # # |a unmediated  |2 rdamedia 
338 # # |a volume  |2 rdacarrier 
500 # # |a Includes index 
590 # # |a Perpustakaan Sultanah Nur Zahirah 
650 0 0 |a Physiology  
999 |a 1100037595  |b Book  |c Open Shelf  |e KOLEKSI TERBUKA